01246nam a2200241 a 4500001001000000005001700010008004100027041000800068044000700076084002000083100004500103245010000148260006900248300002200317500013100339500028800470500000900758650005200767650005600819650003400875650004500909740005000954BRCA_242120190320203812.0131108s1770----be-a---###---#000-0#spa-u aspa abe a062b.V47c17701 aCervantes Saavedra, Miguel ded1547-161610aVida y hechos del Ingenioso Hidalgo Don Quixote de la Manchacpor Miguel de Cervantes Saavedra. aAmberes (Bélgica)bHerederos de la Viuda de C. Verdussenc1770 a4 v.bil.c19 cm. aContenido : v 1. Primera parte. Algunos versos preliminares. Texto. -- v 2. Texto. -- v 3. Segunda parte. Texto. -- v 4. Texto aEdición de surtido, arreglada según de la de Amberes, de 1697, de la cual se tomaron también las láminas, pero suprimiendo las dedicatorias y los tres primeros versos y sonetos de la edición príncipe. Semipiel, lomos adornados, filetes y florones dorados Lúdovik Osterc aQM5014aNovela españolayÉpoca clásica, 1500-170014aLiteratura españolayÉpoca clásica, 1500-170014aNovela españolaySiglo XVII14aDon Quijote (Personaje ficticio)eNovela0 aEl Ingenioso Hidalgo Don Quijote de la Mancha